Transporting you into tomorrow's technology today : the National Computer Center.

Bibliographic Details
Corporate Author: United States. Department of Agriculture. Office of Information Resources Management
Format: Government Document Book
Language:English
Published: [Washington, D.C.] : U.S. Dept. of Agriculture, Office of Information Resources Management, [1989]
Subjects:

MARC

Tag First Indicator Second Indicator Subfields
LEADER 00000cam a2200000 a 4500
001 in00000926853
005 20150924202153.0
008 891129s1989 dcuab f00000 eng d
010 |a gp 90014015  
035 |a (OCoLC)20708525 
035 |9 AEQ8714AM 
040 |a AGL  |c AGL  |d GPO  |d UtOrBLW 
043 |a n-us--- 
070 |a aS494.5.I47T7 
072 0 |a A000  |a X200 
074 |a 0010 
086 0 |a A 1.2:C 73/3 
245 0 0 |a Transporting you into tomorrow's technology today :  |b the National Computer Center. 
264 1 |a [Washington, D.C.] :  |b U.S. Dept. of Agriculture, Office of Information Resources Management,  |c [1989] 
300 |a 15 pages :  |b illustrations, map ;  |c 28 cm. 
336 |a text  |b txt  |2 rdacontent 
337 |a unmediated  |b n  |2 rdamedia 
338 |a volume  |b nc  |2 rdacarrier 
500 |a Cover title. 
500 |a Shipping list number: 89-615-P. 
610 2 0 |a Fort Collins Computer Center (U.S.) 
650 0 |a Agriculture  |z United States  |x Information services. 
650 0 |a Agricultural innovations  |z United States. 
710 1 |a United States.  |b Department of Agriculture.  |b Office of Information Resources Management. 
999 |a MARS 
999 f f |s 6ff27253-6e16-369f-83f2-eff000a02f9c  |i ab3db562-3da1-3787-b6e6-1d866f97157a  |t 0 
952 f f |p normal  |a Texas A&M University  |b College Station  |c Sterling C. Evans Library  |d Evans: US Documents (Annex 5th floor)  |t 0  |e A 1.2:C 73/3  |h Superintendent of Documents classification  |i unmediated -- volume  |m A14813190811 
998 f f |a A 1.2:C 73/3  |t 0  |l Evans: US Documents (Annex 5th floor)